Metallica - Wszystkie Albumy - Statystyki

Ogólne statystyki
  • Ten quiz został rozwiązany 239 razy
  • Średni wynik to 9 z 13
Statystyki odpowiedzi
Rok Odpowiedź... % Poprawnych
1983 Kill Em All
96%
1986 Master of Puppets
91%
1988 And Justice For All
86%
1996 Load
82%
1997 Reload
82%
1991 Black Album
80%
2023 72 Seasons
77%
1984 Ride The Lightning
74%
2003 St. Anger
74%
2008 Death Magnetic
58%
1998 Garage Inc.
58%
2016 Hardwired To Self-Destruct
43%
1982 No Life Til Leather
13%
Nie znaleziono quizów pasujących do podanych kryteriów
Rozkład punktacji
Procent ludzi z każdym wynikiem
Percentyl według liczby udzielonych odpowiedzi
Twoja historia wyników
Nie rozwiązałeś tego quizu